Speakers of the House of Commons - Statistics

General Stats
  • This quiz has been taken 56 times
  • The average score is 6 of 34
Answer Stats
Years Party Speaker % Correct
2009-19 Conservative John Bercow
79%
2019- Labour Lindsay Hoyle
76%
1992-00 Labour Betty Boothroyd
71%
2000-09 Labour Michael Martin
47%
1983-92 Conservative Bernard Weatherill
38%
1707-08 Independent John Smith
32%
1971-76 Conservative Selwyn Lloyd
29%
1943-51 Conservative Douglas Clifton Brown
24%
1976-83 Labour George Thomas
24%
1965-71 Labour Horace King
18%
1728-61 Independent Arthur Onslow
12%
1959-65 Conservative Harry Hylton-Foster
12%
1789-01 Tory Henry Addington
12%
1708-10 Independent Richard Onslow
12%
1884-95 Liberal Arthur Peel
9%
1928-43 Conservative Edward FitzRoy
9%
1770-80 Independent Fletcher Norton
9%
1951-59 Conservative William Morrison
9%
1802-17 Tory Charles Abbot
6%
1761-70 Independent John Cust
6%
1857-72 Liberal John Evelyn Denison
6%
1921-28 Liberal John Henry Whitley
6%
1789 Independent William Wyndham Grenville
6%
1817-35 Tory Charles Manners-Sutton
3%
1839-57 Whig Charles Shaw-Lefevre
3%
1780-89 Independent Charles Wolfram Cornwall
3%
1872-84 Liberal Henry Brand
3%
1835-39 Whig James Abercromby
3%
1905-21 Conservative James Lowther
3%
1801-02 Tory John Mitford
3%
1715-27 Independent Spencer Compton
3%
1714-15 Independent Thomas Hanmer
3%
1710-13 Independent William Bromsley
3%
1895-05 Liberal William Court Gully
3%
No matching quizzes found
Score Distribution
Percent of People with Each Score
Percentile by Number Answered
Your Score History
You have not taken this quiz